00319nam a2200109Ia 4500008004100000082001200041100001600053245008500069250002200154260000900176300002400185190415s9999 xx 000 0 und d aTP.0027 aPal, Ramesh 0aOrigin and development of periodical literature in English language in India upt aPanjab University c1982 ax, 609p. + C D - 46